20 Lauréats Aléatoires du Prix Goncourt - Statistiques

Statistiques générales
  • Ce quiz a été pris 176 fois
  • Le résultat moyen est 7 sur 20
Statistiques - réponses
Année Ouvrage Auteur % Correct
1933 La Condition humaine André Malraux
100%
1919 À l'ombre des jeunes filles en fleurs Marcel Proust
100%
1984 L'Amant Marguerite Duras
100%
1956 Les Racines du ciel Romain Gary
100%
2014 Pas pleurer Lydie Salvayre
86%
1975 La Vie devant soi Émile Ajar (Romain Gary)
83%
2016 Chanson douce Leïla Slimani
83%
1993 Le Rocher de Tanios Amin Maalouf
80%
1970 Le Roi des aulnes Michel Tournier
80%
1999 Je m'en vais Jean Echenoz
75%
1903 Force ennemie John-Antoine Nau
75%
2006 Les Bienveillantes Jonathan Littell
75%
1997 La Bataille Patrick Rambaud
75%
2013 Au revoir là-haut Pierre Lemaitre
75%
1974 La Dentellière Pascal Lainé
71%
1944 Le premier accroc coûte deux cents francs Elsa Triolet
67%
1917 La Flamme au poing Henry Malherbe
67%
2023 Veiller sur elle Jean-Baptiste Andrea
67%
2001 Rouge Brésil Jean-Christophe Rufin
67%
2018 Leurs enfants après eux Nicolas Mathieu
67%
1978 Rue des Boutiques obscures Patrick Modiano
63%
2008 Syngué sabour. Pierre de patience Atiq Rahimi
60%
1946 Histoire d'un fait divers Jean-Jacques Gautier
60%
1914 L'Appel du sol Adrien Bertrand
57%
1949 Week-end à Zuydcoote Robert Merle
57%
2005 Trois jours chez ma mère François Weyergans
50%
1932 Les Loups Guy Mazeline
50%
2020 L'Anomalie Hervé Le Tellier
50%
2019 Tous les hommes n'habitent pas le monde de la même façon Jean-Paul Dubois
50%
1990 Les Champs d'honneur Jean Rouaud
50%
1989 Un grand pas vers le bon Dieu Jean Vautrin
50%
2004 Le Soleil des Scorta Laurent Gaudé
50%
2015 Boussole Mathias Énard
50%
2010 La Carte et le Territoire Michel Houellebecq
50%
1976 Les Flamboyants Patrick Grainville
50%
1921 Batouala René Maran
50%
1934 Capitaine Conan Roger Vercel
50%
1954 Les Mandarins Simone de Beauvoir
50%
1960 Dieu est né en exil Vintila Horia
50%
1916 Le Feu Henri Barbusse
44%
2009 Trois femmes puissantes Marie NDiaye
44%
1998 Confidence pour confidence Paule Constant
44%
1912 Filles de la pluie André Savignon
43%
1973 L'Ogre Jacques Chessex
43%
2012 Le Sermon sur la chute de Rome Jérôme Ferrari
43%
2021 La Plus secrète mémoire des hommes Mohamed Mbougar Sarr
43%
1968 Les Fruits de l'hiver Bernard Clavel
40%
1982 Dans la main de l'ange Dominique Fernandez
40%
2017 L'Ordre du jour Éric Vuillard
40%
1922 Le Vitriol de Lune et Le Martyre de l'obèse Henri Béraud
40%
1986 Valet de nuit Michel Host
40%
1992 Texaco Patrick Chamoiseau
40%
1985 Les Noces barbares Yann Queffélec
40%
1925 Raboliot Maurice Genevoix
38%
1962 Les Bagages de sable Anna Langfus
33%
2022 Vivre vite Brigitte Giraud
33%
1994 Un aller simple Didier van Cauwelaert
33%
1908 Écrit sur de l'eau... Francis de Miomandre
33%
1930 Malaisie Henri Fauconnier
33%
1941 Vent de Mars Henri Pourrat
33%
1931 Mal d'amour Jean Fayard
33%
1951 Le Rivage des Syrtes Julien Gracq
33%
1942 Pareils à des enfants Marc Bernard
33%
1957 La Loi Roger Vailland
33%
1987 La Nuit sacrée Tahar Ben Jelloun
33%
1952 Léon Morin, prêtre Béatrix Beck
30%
1937 Faux passeports Charles Plisnier
29%
1961 La Pitié de Dieu Jean Cau
29%
1923 Rabevel ou le Mal des ardents Lucien Fabre
29%
1924 Le Chèvrefeuille, le Purgatoire, le Chapitre XIII Thierry Sandre
29%
1995 Le Testament français Andreï Makine
25%
1959 Le Dernier des Justes André Schwarz-Bart
25%
1905 Les Civilisés Claude Farrère
25%
1977 John l'Enfer Didier Decoin
25%
1988 L'Exposition coloniale Erik Orsenna
25%
1920 Nêne Ernest Pérochon
25%
1938 L'Araigne Henri Troyat
25%
2000 Ingrid Caven Jean-Jacques Schuhl
25%
1928 Un homme se penche sur son passé Maurice Constantin-Weyer
25%
1948 Les Grandes familles Maurice Druon
25%
1996 Le Chasseur Zéro Pascale Roze
25%
1967 La Marge André Pieyre de Mandiargues
20%
1964 L'État sauvage Georges Conchon
20%
2007 Alabama Song Gilles Leroy
20%
1906 Dingley, l'illustre écrivain Jérôme et Jean Tharaud
20%
1904 La Maternelle Léon Frapié
20%
1929 L'Ordre Marcel Arland
20%
1955 Les Eaux mêlées Roger Ikor
20%
1972 L'Épervier de Maheux Jean Carrière
17%
1981 Anne Marie Lucien Bodard
17%
2011 L'Art français de la guerre Alexis Jenni
14%
1907 Terres lorraines et Émile Moselly
14%
1940 Les Grandes vacances Francis Ambrière
14%
1935 Sang et Lumières Joseph Peyré
14%
1910 De Goupil à Margot Louis Pergaud
14%
1943 Passage de l'homme Marius Grout
14%
1953 Les Bêtes Pierre Gascar
14%
2002 Les Ombres errantes Pascal Quignard
13%
1950 Les Jeux sauvages Paul Colin
13%
1911 Monsieur des Lourdines Alphonse de Châteaubriant
0%
1979 Pélagie-la-Charrette Antonine Maillet
0%
1963 Quand la mer se retire Armand Lanoux
0%
1966 Oublier Palerme Edmonde Charles-Roux
0%
1969 Creezy Félicien Marceau
0%
1958 Saint-Germain ou la Négociation Francis Walder
0%
1983 Les Égarés Frédérick Tristan
0%
1918 Civilisation Georges Duhamel
0%
1926 Le Supplice de Phèdre Henri Deberly
0%
1965 L'Adoration Jacques Borel
0%
1971 Les Bêtises Jacques Laurent
0%
2003 La Maîtresse de Brecht Jacques-Pierre Amette
0%
1945 Mon village à l'heure allemande Jean-Louis Bory
0%
1947 Les Forêts de la nuit Jean-Louis Curtis
0%
1913 Le Peuple de la mer Marc Elder
0%
1909 En France Marius-Ary Leblond
0%
1927 Jérôme 60° latitude nord Maurice Bedel
0%
1936 L'Empreinte du dieu Maxence Van der Meersch
0%
1939 Les Enfants gâtés Philippe Hériat
0%
1991 Les Filles du Calvaire Pierre Combescot
0%
1915 Gaspard René Benjamin
0%
1980 Le Jardin d'acclimatation Yves Navarre
0%
Aucun quiz correspondant
Distribution des résultats
% des personnes avec chaque résultat
Percentile par nombre de réponses
Votre historique - résultats
Vous n’avez pas pris ce quiz